Statistics for Did He Play For the Warriors?

Click here to take the quiz!

General Stats

  • This quiz has been taken 5 times
  • The average score is 12 of 15

Answer Stats

Question Answer % Correct
Chris BoshNo
100%
Monta EllisYes
100%
Chris WebberYes
100%
Alonzo MourningNo
100%
Harrison BarnesYes
100%
Vin BakerNo
100%
Mike DunleavyYes
100%
Jodie MeeksNo
100%
Bob PettitNo
75%
Don NelsonNo
75%
Ralph SampsonYes
75%
Terry CummingsYes
50%
Phil ChenierYes
50%
Nick Van ExelYes
50%
Darrell ArmstrongNo
25%

Score Distribution

Percentile by Number Answered

Percent of People with Each Score

Your Score History

You have not taken this quiz